5 to 1: African Countries Quiz Stats

 Plays Quiz Updated Jun 9, 2018

Challenge
Share
Tweet
Embed
Score 0/15 Timer 03:00
15 Plays Today
% Correct
Egypt
96.7%
Morocco
95.9%
Algeria
93.8%
Libya
93.5%
Tunisia
91.5%
Seychelles
86.9%
Cabo Verde
85.2%
Namibia
77.9%
% Correct
Ethiopia
76.3%
Somalia
75.9%
Mozambique
75%
Botswana
74.2%
Djibouti
73.9%
South Africa
72.9%
Tanzania
71.4%

You're not logged in!

Compare scores with friends on all Sporcle quizzes.
OR
Log In

You Might Also Like...

Show Comments

Extras

Top Quizzes Today


Score Distribution

Your Account Isn't Verified!

In order to create a playlist on Sporcle, you need to verify the email address you used during registration. Go to your Sporcle Settings to finish the process.

Report this User

Report this user for behavior that violates our Community Guidelines.

Details: